| 000 | 00493nam a2200193 a 4500 | ||
|---|---|---|---|
| 001 | 3648 | ||
| 003 | CDMR | ||
| 005 | 20131023105648.0 | ||
| 008 | 130130s1973||||||||||||||||||||||||||||d | ||
| 040 |
_aCDMR _bcat _cCDMR |
||
| 100 | 1 |
_aLewis, Colby _92598 |
|
| 245 | 1 | 0 | _aTécnica del director de TV |
| 250 | _a2a ed. | ||
| 260 |
_aMéxico _c1973 _bPax-México |
||
| 300 | _a272 p. | ||
| 650 | 0 | 4 |
_9433 _aTelevisió _xProducció i direcció |
| 650 | 0 | 4 |
_93785 _aTelevisió _xTècnica |
| 942 |
_cMON _2udc |
||
| 999 |
_c3648 _d3648 |
||